000 00704nam a2200265Ia 4500
005 20260121170314.0
008 008 260114s9999 xx 000 0 eng d
020 _a9783658169626
037 _aEBOOK
040 _aCRL
040 _beng
040 _cCRL
041 _2eng
041 _aeng
084 _qCRL
100 _aFehim Bak?rc?, Thomas Heupel, Orhan Kocagöz, Üstün Özen
_91062282
245 0 _aGerman-Turkish Perspectives on IT and Innovation Management
260 _bSpringer
260 _bSpringer
260 _c2018
856 _uhttps://link.springer.com/openurl?genre=book&isbn=978-3-658-16962-6
942 _cEBOOK
999 _c1628011
_d1628011